| Tag |
First Indicator |
Second Indicator |
Subfields |
| LEADER |
00000cam a2200000 4500 |
| 001 |
in00000095098 |
| 005 |
20150927110638.0 |
| 008 |
800407s1962 enka d 00000 eng |
| 010 |
|
|
|a 63001491
|
| 035 |
|
|
|a (OCoLC)06173618
|
| 035 |
|
|
|9 AAL6978AM
|
| 040 |
|
|
|a DLC
|c TXA
|d UtOrBLW
|
| 049 |
|
|
|a TXAM
|c [911178]
|
| 050 |
|
0 |
|a TR9
|b .H3
|
| 100 |
1 |
|
|a Haselgrove, Maurice.
|
| 245 |
1 |
0 |
|a Photographers' dictionary.
|
| 264 |
|
1 |
|a London :
|b Arco Publications,
|c 1962.
|
| 300 |
|
|
|a 202 pages :
|b illustrations, diagrams ;
|c 21 cm.
|
| 336 |
|
|
|a text
|b txt
|2 rdacontent
|
| 337 |
|
|
|a unmediated
|b n
|2 rdamedia
|
| 338 |
|
|
|a volume
|b nc
|2 rdacarrier
|
| 650 |
|
0 |
|a Photography
|v Dictionaries.
|
| 999 |
|
|
|a MARS
|
| 999 |
f |
f |
|s 86ef3a45-51fb-32cd-adf1-a995976d05c4
|i 0a72706f-cc35-3d46-97db-ef6d637ffa85
|t 0
|
| 952 |
f |
f |
|p normal
|a Texas A&M University
|b College Station
|c Sterling C. Evans Library
|d Evans: Library Stacks
|t 0
|e TR9 .H3
|h Library of Congress classification
|i unmediated -- volume
|m A14805621743
|
| 998 |
f |
f |
|a TR9 .H3
|t 0
|l Evans: Library Stacks
|